[Event "Pardubice Czech op-D 29th"]
[Site "Pardubice"]
[Date "2018.07.26"]
[Round "7"]
[White "Gillmeister, Gino"]
[Black "Filipchik, Dmitriy"]
[Result "1-0"]
[WhiteElo "1466"]
[BlackElo "1000"]
[PlyCount "90"]
[EventDate "2018.07.21"]
[EventType "swiss"]
[EventRounds "9"]
[EventCountry "CZE"]
[SourceTitle "CBM 186 Extra"]
[Source "ChessBase"]
[SourceDate "2018.08.24"]
[SourceVersion "1"]
[SourceVersionDate "2018.08.24"]
[SourceQuality "1"]

1. e4 d5 2. exd5 Qxd5 3. Nf3 Bg4 4. Be2 c6 5. 0-0 Nf6 6. h3 Bh5 7. d4 Qa5 8. c4 Qc7 9. Nc3 e6 10. Be3 Bd6 11. Qd2 Nbd7 12. Rfd1 a6 13. Rac1 0-0 14. d5 exd5 15. cxd5 c5 16. a4 Rfc8 17. Na2 Qd8 18. Bf4 Qe7 19. Bxd6 Qxd6 20. Nc3 h6 21. Nh4 Bxe2 22. Qxe2 Re8 23. Qf3 g6 24. Re1 Kg7 25. Rcd1 Nb6 26. b3 Rxe1+ 27. Rxe1 Rd8 28. Rd1 Re8 29. Qd3 Nbd7 30. Nf3 Re7 31. Nd2 Re8 32. Nc4 Qc7 33. d6 Qc6 34. f4 Ne4 35. Re1 Nef6 36. Rxe8 Nxe8 37. Nd5 Qc8 38. Ne7 Qd8 39. Ne5 Qb8 40. Qd5 Nxe5 41. fxe5 Qd8 42. Qxc5 Qd7 43. Qc8 Qe6 44. Qxe6 fxe6 45. d7 Kf8 1-0

[Event "Pardubice Czech op-D 29th"]
[Site "Pardubice"]
[Date "2018.07.24"]
[Round "5"]
[White "Kalina, Joshua"]
[Black "Filipchik, Dmitriy"]
[Result "0-1"]
[WhiteElo "1521"]
[BlackElo "1000"]
[PlyCount "103"]
[EventDate "2018.07.21"]
[EventType "swiss"]
[EventRounds "9"]
[EventCountry "CZE"]
[SourceTitle "CBM 186 Extra"]
[Source "ChessBase"]
[SourceDate "2018.08.24"]
[SourceVersion "1"]
[SourceVersionDate "2018.08.24"]
[SourceQuality "1"]

1. d4 d5 2. Nf3 e6 3. e3 Nf6 4. Bd3 Be7 5. Nbd2 Nbd7 6. 0-0 b6 7. e4 dxe4 8. Nxe4 h6 9. b3 Bb7 10. Qe2 0-0 11. Bb2 Nxe4 12. Bxe4 Bxe4 13. Qxe4 Nf6 14. Qe3 Qd6 15. h3 Rfd8 16. Rad1 Nd5 17. Qe4 Qf4 18. Rfe1 Qxe4 19. Rxe4 Bf6 20. c3 Ne7 21. Re3 Rd7 22. Kf1 Rad8 23. Red3 Nf5 24. Ke2 Kh7 25. R1d2 Kg6 26. Rd1 Rd5 27. R1d2 Nh4 28. Nxh4+ Bxh4 29. c4 R5d7 30. g3 Bf6 31. Ke3 Re8 32. f4 Be7 33. d5 exd5 34. Rd1 Ba3+ 35. Be5 f6 36. Rxd5 Rxd5 37. Rxd5 fxe5 38. fxe5 Kf5 39. g4+ Ke6 40. Ke4 c6 41. Rd2 Bb4 42. Rd3 Ba3 43. Rd2 Bc5 44. Rd1 Be7 45. Rd2 Rd8 46. Rf2 Rd1 47. Re2 Rc1 48. Kd4 Bc5+ 49. Kd3 Rh1 50. Ke4 Rxh3 51. Kf4 a6 52. Rd2 0-1